Analysis of Security Weaknesses in NFC Applications on Android and Propose Policy Framework for Adoption / (Record no. 540861)
[ view plain ]
| 000 -LEADER | |
|---|---|
| fixed length control field | 00442nam a22001457a 4500 |
| 003 - CONTROL NUMBER IDENTIFIER | |
| control field | NUST |
| 038 ## - RECORD CONTENT LICENSOR | |
| Staff Name | saima |
| 082 ## - DEWEY DECIMAL CLASSIFICATION NUMBER | |
| Classification number | 004 |
| Author Mark | MCS |
| 100 ## - MAIN ENTRY--PERSONAL NAME | |
| Personal name | Chattha, Naveed Ashraf |
| 9 (RLIN) | 35120 |
| 245 ## - TITLE STATEMENT | |
| Title | Analysis of Security Weaknesses in NFC Applications on Android and Propose Policy Framework for Adoption / |
| 260 ## - PUBLICATION, DISTRIBUTION, ETC. | |
| Place of publication, distribution, etc. | Islamabad : |
| Name of publisher, distributor, etc. | Information Security |
| Date of publication, distribution, etc. | 2017 |
| 300 ## - PHYSICAL DESCRIPTION | |
| Extent | 78 p.; |
| Dimensions | 30cm. |
| 700 ## - ADDED ENTRY--PERSONAL NAME | |
| Personal name | Dr. Imran Rashid |
| 9 (RLIN) | 35026 |
| 942 ## - ADDED ENTRY ELEMENTS (KOHA) | |
| Source of classification or shelving scheme | |
| Koha item type | Thesis |
| Withdrawn status | Lost status | Source of classification or shelving scheme | Damaged status | Not for loan | Permanent Location | Current Location | Date acquired | Total Checkouts | Full call number | Barcode | Date last seen | Price effective from | Koha item type |
|---|---|---|---|---|---|---|---|---|---|---|---|---|---|
| Central Library (CL) | Central Library (CL) | 11/11/2020 | 004 MCS | CL-T-986 | 11/11/2020 | 11/11/2020 | Thesis |
